000 03067nam a2200337 a 4500
003 OSt
005 20240620132636.0
007 cr ||||||a|c|a
008 240618s2020 mx ||||fom||| 001 0 spa d
040 _erda
100 1 _9189224
_aGutiérrez Sánchez, Carlos Alberto
245 1 _aOptimización de la producción y calidad de Tamarixia radiata mediante la fertilización de la hospedera /
_cpor Carlos Alberto Gutiérrez Sánchez; director de tesis Alejandro Pérez Panduro; Secretario Samuel Ramírez Alarcón; vocal Tejeda Reyes Manuel Alejandro; suplente Amalia Pérez Valdez; suplente Calixto Leopoldo Carrillo Fonseca
264 1 _aChapingo, México :
_bEl autor,
_c2020
300 _a1 recurso en línea (66 páginas):
_bfiguras, cuadros, tablas.
336 _2rdacontent
_atexto
_btxt
337 _2rdamedia
_acomputadora
_bc
338 _2rdacarrier
_arecurso en línea
_bcr
502 _bIAEPA
_cParasitología
_d2020.
_gLIC
504 _aIncluye referencias bibliográficas: páginas 56-60.
520 _aEste trabajo es un esfuerzo de validación de los hallazgos previamente encontrados por este mismo grupo de trabajo, respecto al potencial de la fertilización para mejorar la productividad y calidad de los parasitoides de T. radiata producidos masivamente. Se aplicaron cuatro distintos perfiles de fertilización S1, S2, S3 y S4, todos dentro del rango óptimo para la hospedera, Murraya paniculata. Se agregó un Control experimental y un Testigo local y, también se analizaron ninfas preexistentes en nuestro laboratorio de una cría masiva, ahora extinta, ubicada en Tecomán, Col. Las variables evaluadas fueron la productividad de brotes en las plantas de murraya, la productividad y tamaño de las ninfas de D. citri por brote, así como la amplitud abdominal de los parasitoides resultantes. Después de la primera y segunda podas, las plantas fertilizadas produjeron 85% más brotes que el Testigo local; la de ninfas, se triplicó; se mejoró su tamaño de las ninfas (21%) y se incrementó la amplitud abdominal de los parasitoides (14%). La experiencia de este grupo de trabajo, indica que, luego de la tercer o cuarta poda, la fertilización induciría >25 brotes útiles en la mayoría de las plantas, aproximadamente el triple de los brotes del Testigo local. Estos resultados confirman la capacidad de la fertilización para optimizar la producción y calidad del parasitoide T. radiata.
650 4 _9189225
_aMurraya reticulata
_xCultivo
650 4 _9189226
_aMurraya reticulata
_xFertilización
650 4 _9189227
_aTamarixia radiata
_xCría
700 1 _989908
_aPérez Panduro, Alejandro
_eDirector de tesis.
700 1 _993848
_aRamírez Alarcón, Samuel
_eSecretario.
700 1 _9112025
_aTejeda Reyes, Manuel Alejandro
_eVocal.
700 1 _990074
_aPérez Valdez, Amalia
_eSuplente.
700 1 _919482
_aCarrillo Fonseca, Calixto Leopoldo
_eSuplente.
856 _uhttp://10.13.5.2/tesis/tl/2020_PA_Gutierrez_Sanchez_CarlosAlberto.pdf
_zDESCARGAR PDF
942 _2Clasificación Universidad Autónoma Chapingo
_cTD
999 _c219999
_d219999